1543 1464 1855 1561 1505 1752 1869 1620 1962 1550 1321 1112 1283 1807 1683 1228 1660 1122 1097 1268 1697 1996 1724 1834 1852 1088 1217 1330 1928 1269 1389 1836 1190 1562 1641 1889 1850 1903 1500 1260 1119 1523 1549 1838 1991 1087 1604 1428 1882 1080 1821 1860 1854 1245 1499 1705 1854 1956 1081 1881 1900 1451 1891 1296 1870 1294 1347 1361 1918 1555 1111 1035 1489 1368 1784 1642 1215 1185 1972 1879 1860 1532 1328 1408 1499 1662 1223 1576 1687 1282 1191 1153 1016 1514 1822 1830 1566 1889 1254 BCNSPRNW ULIB Ver.6.0+V

เปลี่ยนเป็นภาษาไทย

Change to English
 แสดงรายละเอียดบรรณานุกรม
  กลับหน้าหลัก

Brief Record : Get Marc (ISO 2709) : E-mail record : QR code < ปิดหน้าต่าง
LEADER : 00000nam 2200000uu 4500
001    13399128566
003     ULIB
008    230912s2565||||th 000 0 tha d
020    ^a9786168012253
060 04 ^aWY32^bผ931
245 10 ^aแผนกลยุทธ์การพยาบาลและการผดุงครรภ์ พ.ศ. 2565-2569 /^cสภาการพยาบาล ; บรรณาธิการ ประคิณ สุจฉายา
250    ^aพิมพ์ครั้งที่ 1
260    ^aนนทบุรี :^bสื่อตะวัน,^c2565
300    ^a132 หน้า :^bภาพประกอบ ;^c30 ซม.
650  4 ^aการพยาบาล
650  4 ^aแผนพัฒนาเศรษฐกิจและสังคมแห่งชาติ
700 0  ^aประคิณ สุจฉายา,^eบรรณาธิการ
710 2  ^aสภาการพยาบาล
945    ^p0^l0^i010312
999    ^aประนอม เกษจรัล
รายการนี้ยังไม่มีแท็ก
คุณยังไม่ได้ล็อกอิน คุณสามารถมีกิจกรรมร่วมกับเว็บไซต์ได้ แต่ต้องล็อกอินก่อน ::
  ล็อกอิน

รายการสื่อสารสนเทศ

ลำดับที่ ประเภท เลขเรียก/บาร์โค้ด สถานที่ สถานะ
1. Book การพยาบาล
หนังสือสำรอง
สถานะ=หนังสือสำรอง
WY32 ผ931 ฉ.1 
  Barcode: 010312
ห้องสมุดวิทยาเขตสวรรค์ประชารักษ์
►หนังสือทั่วไป
บนชั้น

รายการใกล้เคียง
    หัวเรื่อง [การพยาบาล]
    หัวเรื่อง [แผนพัฒนาเศรษฐกิจและสังคมแห่งชาติ]

BibComment


ยังไม่เคยถูกคอมเมนท์

คอมเมนท์ทรัพยากรรายการนี้
  คอมเมนท์: แผนกลยุทธ์การพยา..


 Copyright 2026. Bcnsprnw @Library